000 01060nam0a2200265 4500
001 RU\NLR\b_ik\182916
005 20250616230823.0
035 _a(NLR Aleph) 002255449
090 _a3746531
_c3746531
100 _a20100326d2009 |||y0rusy50 ca
101 1 _aeng
_crus
102 _aRU
105 _aac |||||||||
200 1 _aMathematical methods in psychological research
_emonograph
_fM.M. Basimov
_g[transl. S.G. Dostovalov. Ps D, Prof.]
_gKurgan state univ.
210 _aKurgan
_cKurgan state univ.
_d2009
215 _a170 с.
_cдиагр., портр.
_d20
320 _aБиблиогр.: с. 149-150 (12 назв.)
541 0 _aМатематические методы в психологическом исследовании
_zrus
606 1 _aПсихологические исследования
_xМатематические методы
_92557305
_3RU\NLR\AUTH\661512919
686 1 _aЮ93в641
700 1 _aBasimov
_bM. M.
_gMichail Michajlovič
_4070
801 0 _aRU
_bNLR
_c20100326
_gRCR
942 _cBOOK
980 _aNB